01098nam a2200253Ia 4500003000900000008004100009020001800050040001600068080002200084111008400106245020600190260006100396300001700457490003400474650002300508650003200531650002900563700003100592700002900623710005200652942000700704999001700711952011600728IN-BaIIA211028s9999 xx 000 0 eng d a1-58381-156-7 cIIA Library a082.2:52bASP-307 aInternational Workshop on Solar PolarizationcSpaind2002 Sept.30- Oct 4929266 0aSolar polarization 3bproceedings of an International workshop held in Canary Islands, Spain, 30 Sep - 4 Oct 2002cedited by J. T. Bueno and J. S. Almeida  aSan FranciscobAstronomical Society of the Pacificc2003 axviii, 615p. aASP conference series; v. 307 aPolarization95652 aSolar magnetic fields94454 aSolar polarimetry925620 aAlmeida, J. S., ed.929267 aBueno, J. T., ed.929268 aAstronomical Society of the Pacific 91154 cBK c15880d15880 00104070aBANbBANcGENd2005-04-15eASP l0o082.2:52/ ASP-307p16802r2021-11-05w2005-04-15yBK 77.00